| 000 | 00555cam a2200193 4500500 | ||
|---|---|---|---|
| 005 | 20260405001711.0 | ||
| 041 | _afre | ||
| 042 | _adc | ||
| 100 | 1 | 0 |
_aNathan, Tobie _eauthor |
| 245 | 0 | 0 | _aAfrique de l’Ouest. Vaudou |
| 260 | _c2014. | ||
| 500 | _a25 | ||
| 690 | _aAfrique | ||
| 690 | _aFétiche | ||
| 690 | _aTobie Nathan | ||
| 690 | _aVaudou | ||
| 786 | 0 | _nPhilosophie magazine | 76 | 2 | 2014-02-01 | p. 33-33 | 1951-1787 | |
| 856 | 4 | 1 | _uhttps://shs.cairn.info/magazine-philosophie-magazine-2014-2-page-33?lang=fr&redirect-ssocas=7080 |
| 999 |
_c2050157 _d2050157 |
||